000 00472nam a2200205Ia 4500
005 20250425162550.0
008 250425s9999 xx 000 0 und d
020 _a0194230376
041 _aeng
082 _a428.6
100 _aCONRAD, JOSEPH
245 0 _aLORD JIM
250 _a2ND ED.
260 _aOXFORD
260 _aReino Unido
_bOXFORD UNIVERSITY PRESS
_c2000
300 _a104
650 _aINGLES-LIBROS DE LECTURA
942 _c01
010 _a85883
999 _c231839
_d231839